[Event "RUS-chT 06th"]
[Site "St Petersburg"]
[Date "1999.05.24"]
[Round "9"]
[White "Loginov, Valery A"]
[Black "Nevostrujev, Vladimir"]
[Result "0-1"]
[WhiteElo "2532"]
[BlackElo "2466"]
[Annotator "Hecht,H"]
[PlyCount "70"]
[EventDate "1999.05.16"]
[EventType "team-tourn"]
[EventRounds "9"]
[EventCountry "RUS"]
[SourceTitle "EXT 2020"]
[Source "ChessBase"]
[SourceDate "2019.10.17"]
[SourceVersion "1"]
[SourceVersionDate "2019.10.17"]
[SourceQuality "1"]
[WhiteTeam "Sankt Petersburg Lentransgaz"]
[BlackTeam "Novokuznetsk"]
[WhiteTeamCountry "RUS"]
[BlackTeamCountry "RUS"]

1. Nf3 Nf6 2. g3 g6 3. Bg2 Bg7 4. O-O O-O 5. d4 d6 6. Nbd2 c5 7. dxc5 dxc5 8.
Nc4 Nc6 9. c3 Be6 10. Qa4 Qe8 11. Nfd2 Bd7 12. Qb3 Qc8 13. a4 Rd8 14. e4 Be6
15. Qc2 Bh3 16. Re1 Bxg2 17. Kxg2 Nd7 18. f4 Nb6 19. Nxb6 axb6 20. Nc4 Qe6 21.
Ne3 Na5 22. c4 Rd4 23. e5 Nxc4 24. b3 Nxe3+ 25. Bxe3 Qd5+ 26. Kg1 Rd3 27. Rad1
Rd8 28. Rxd3 Qxd3 29. Qc4 Kf8 30. Kf2 Ke8 31. Qxd3 Rxd3 {[#] Anfällige weiße
Bauern, Taktik (Läuferspieß)} 32. Rb1 f6 33. b4 (33. exf6 Bxf6 34. b4 c4 35.
Bxb6 Rb3 36. Rc1 Rxb4 37. a5 Rb2+ 38. Kf3 c3 39. h4 Kd7 $19) 33... fxe5 34.
fxe5 c4 35. Rc1 {[%mdl 12288]} Rxe3 $1 0-1

[Event "Ciocaltea Memorial"]
[Site "Bucharest"]
[Date "1998.??.??"]
[Round "3"]
[White "Badea, Bela"]
[Black "Vajda, Levente"]
[Result "1-0"]
[WhiteElo "2545"]
[BlackElo "2440"]
[Annotator "Hecht,H"]
[PlyCount "113"]
[EventDate "1998.02.??"]
[EventType "tourn"]
[EventRounds "13"]
[EventCountry "ROU"]
[EventCategory "11"]
[SourceTitle "CBM 064"]
[Source "ChessBase"]
[SourceDate "1998.06.02"]
[SourceVersion "1"]
[SourceVersionDate "1998.06.02"]
[SourceQuality "1"]

1. Nf3 Nf6 2. g3 g6 3. b3 Bg7 4. Bb2 d6 5. d4 O-O 6. Bg2 c6 7. O-O a5 8. c4 a4
9. Nbd2 Nbd7 10. Qc2 Qc7 11. b4 a3 12. Bc3 b5 13. Rfc1 Nb6 14. c5 Na4 15. e4
dxc5 16. bxc5 Nxc3 17. Qxc3 Rd8 18. Re1 Ra4 19. Nb3 Be6 20. Rad1 Ne8 21. Qe3
Rd7 22. Rd2 Bxb3 23. axb3 Ra6 24. b4 Qd8 25. Ra1 Nc7 26. Bh3 e6 27. Qc3 Kf8 28.
Rxa3 Rxa3 29. Qxa3 Bxd4 30. e5 Rd5 31. Bg2 Bxe5 32. Rxd5 Qxd5 33. Nxe5 Qxe5 34.
Bxc6 Nd5 35. Bxd5 exd5 {[#]} 36. Qc1 $1 {This combines attack (c6) with the
defence of White's own king and in the process stops the approach of Black's
king due to Qe3, after which the pawn ending is won for White due to the
protected passed pawn. Verbindet Angriff (c6) mit der Verteidigung des eigenen
Königs und verhindert so nebenbei die Annäherung des schwarzen Königs wegen
De3, wonach das Bauernendspiel aufgrund des gedeckten Freibauern für Weiß
gewonnen ist.} Qc7 (36... Ke7 37. Qe3 f6 38. Qxe5+ fxe5 {[#]} 39. f4 e4 40. Kf2
d4 41. g4 Ke6 42. Ke2 h5 43. gxh5 gxh5 44. h4 Kd5 45. f5 $18 {White wins
according to the Motto: "Divided they advance - united they win". The white
rabbit runs in zigzags across the board: Weiß gewinnt nach dem Motto "Getrennt
marschieren - vereint schlagen" Die weißen Hasen rennen im Zickzack über das
Brett:} Ke5 (45... Kc4 46. c6 Kc3 47. c7) 46. c6 Kd6 47. f6 Ke6 48. c7 Kd7 49.
f7) (36... d4 37. c6 {doesn't change things much. ändert nicht viel.}) 37. c6
Ke7 38. Qc5+ Ke6 (38... Qd6 39. Qxb5 d4 40. Qb7+ Kd8 41. Qd7+ Qxd7 42. cxd7
Kxd7 {[#] [#]} 43. Kf1 Kc6 44. Ke2 Kb5 45. Kd3 Kxb4 46. Kxd4 $18 {A typical
case of the outside passed pawn. Typische Folge des entfernten Freibauern.})
39. Qxb5 Qe5 {[%cal Re5e1] Black's defence depends upon the idea of perpetual
check. Die schwarze Verteidigung beruht auf der Dauerschachidee.} 40. Qc5 Qe1+
41. Kg2 Qe4+ 42. Kf1 Qd3+ 43. Ke1 Qb1+ 44. Kd2 Qa2+ 45. Kd1 {I believe that
White could have played somewhat simpler here. But in principle, he's not
doing anything wrong. Ich denke, daß Weiß hier etwas einfacher hätte spielen
können. Prinzipiell macht er aber nichts falsch.} (45. Qc2 Qa7 46. Ke2 Qc7 (
46... Kd6 47. c7 $18) (46... Qa6+ 47. Kf3 Kd6 48. c7 Qc8 49. Qc5+ $18) 47. b5
Kd6 48. Qc3 $18 {[%cal Rc3b4]}) 45... Qb1+ 46. Kd2 Qb2+ 47. Kd3 Qa3+ 48. Qc3
Qa6+ 49. Kd2 Qa2+ 50. Ke1 Qb1+ 51. Ke2 Qa2+ 52. Ke3 Kd6 53. b5 (53. c7 Qa7+ 54.
Qc5+ Qxc5+ 55. bxc5+ Kxc7 56. Kd3 Kd7 $11 {because whoever first advances on
the enemy passed pawn will lose due to Zugzwang! denn wer an den gegnerischen
Freibauern zuerst herangeht, verliert wegen Zugzwang!}) 53... Qa7+ 54. Qd4 Qa3+
55. Kf4 Qc1+ 56. Kf3 Qb1 57. Qf4+ 1-0

[Event "EU-ch 2nd"]
[Site "Ohrid"]
[Date "2001.06.10"]
[Round "9"]
[White "Stamenkov, Vanco"]
[Black "Zueger, Beat"]
[Result "1-0"]
[WhiteElo "2380"]
[BlackElo "2448"]
[Annotator "Hecht,H"]
[PlyCount "89"]
[EventDate "2001.06.01"]
[EventType "swiss"]
[EventRounds "13"]
[EventCountry "YUG"]
[SourceTitle "CBM 084"]
[Source "ChessBase"]
[SourceDate "2001.09.13"]
[SourceVersion "1"]
[SourceVersionDate "2001.09.13"]
[SourceQuality "1"]

1. d4 Nf6 2. Nf3 d6 3. g3 g6 4. Bg2 Bg7 5. O-O O-O 6. b3 c5 7. Bb2 cxd4 8. Nxd4
d5 9. h3 Qb6 10. e3 Rd8 11. Nd2 e5 12. N4f3 Ne4 13. Nxe4 dxe4 14. Nd2 f5 15.
Qe2 Be6 16. Rfd1 Nc6 17. a3 a5 18. Bf1 Qc5 19. Rac1 h5 20. Qb5 Qe7 21. Nc4 f4
22. gxf4 Qh4 23. Nxe5 Nxe5 24. Bxe5 Bxh3 25. Bxh3 Qxh3 26. Rxd8+ Rxd8 27. Qc4+
Kh7 28. Qxe4 Qg4+ 29. Qg2 Rd1+ 30. Rxd1 Qxd1+ 31. Kh2 Bxe5 32. fxe5 Qxc2 33.
Qxb7+ Kh6 {[#] Verwandlung des e-Freibauern mit Hilfe einer starken
Damenstellung. Der weiße König hilft sich selbst!} 34. Qf7 h4 (34... Qc5 35.
Qf4+ Kh7 36. e6 $18) 35. e6 g5 36. e7 Qc7+ 37. f4 Qc2+ 38. Kh3 g4+ (38... Qc8+
39. f5 $18 {[%csl Rg6]}) 39. Kxg4 Qd1+ 40. Kf5 Qc2+ 41. e4 Qc5+ 42. e5 Qc2+ 43.
Kf6 Qc6+ 44. Qe6 Qg2 (44... Qe8 45. Qg4 Qh8+ 46. Kf7 Qh7+ 47. Ke6 $18) 45. e8=Q
1-0

[Event "RUS-Cup10"]
[Site "Tomsk"]
[Date "1997.07.27"]
[Round "6"]
[White "Landa, Konstantin"]
[Black "Yurtaev, Leonid"]
[Result "0-1"]
[WhiteElo "2560"]
[BlackElo "2520"]
[Annotator "King,D"]
[PlyCount "104"]
[EventDate "1997.07.21"]
[EventType "swiss"]
[EventRounds "9"]
[EventCountry "RUS"]
[SourceTitle "EXT 2000"]
[Source "ChessBase"]
[SourceDate "1999.11.16"]
[SourceVersion "1"]
[SourceVersionDate "1999.11.16"]
[SourceQuality "1"]

1. d4 Nf6 2. Nf3 g6 3. g3 Bg7 4. Bg2 O-O 5. O-O d6 6. Nc3 c6 7. e4 Qc7 8. a4 e5
9. h3 Re8 10. Re1 Na6 11. Be3 Nb4 (11... h6 12. Qd2 Kh7 13. Rad1 Nh5 14. g4 Nf6
15. Nh2 g5 16. Nf1 Nd7 17. d5 c5 18. Nb5 Qb8 19. h4 Nb6 20. Qe2 Nxa4 21. hxg5
hxg5 22. Bxg5 Bd7 23. Rd3 f6 24. Bc1 Rh8 25. g5 Kg6 26. Rg3 Kf7 27. gxf6 Bxf6
28. Bg5 Bxg5 29. Rxg5 Bxb5 30. Qf3+ Ke8 31. Rg7 Qc7 32. Rxc7 Nxc7 33. Qf6 Rg8
34. Qxd6 Rc8 35. Ng3 {1-0 Landa,K-Gretarsson,A/Cappelle op 1996/EXP 51}) 12. a5
Bd7 13. dxe5 dxe5 14. Bc5 Bf8 15. Bxf8 Kxf8 16. Qd2 Kg7 17. Nb1 c5 18. Qc3 Rad8
19. Na3 Ng8 20. Bf1 f6 21. Nb5 Bxb5 22. Bxb5 Rf8 23. Qb3 a6 24. Bc4 Ne7 25. c3
Nbc6 26. Qa3 Na7 27. Rad1 Nac8 28. Be6 Qc6 29. Qb3 Nd6 30. c4 Qc7 31. Qa3 Rfe8
32. Bd5 g5 33. Qc3 Ng6 34. b4 h5 35. bxc5 Qxc5 36. Rb1 h4 37. Qe3 Qc8 38. g4
Nf4 39. Nd2 Re7 40. Rb6 Rc7 41. Reb1 Kg6 42. Qa3 Rc5 43. Kh2 Qc7 44. R1b4 Rc8
45. Kh1 {(f7) This game is notable for two reasons: the way in which Black
made room for his king on the third rank after his second rank had been
weakened; and for Black's next move:} Nb5 {Black is playing with an eagle eye
and spots a weakness in White's position.} 46. cxb5 $4 (46. Qa1 {was still
okay for White.}) 46... Rc1+ 47. Kh2 Qc5 {[%cal Rc5f2]} 48. Qe3 Qxe3 49. Bf7+ (
49. fxe3 R8c2) 49... Kxf7 50. Rxb7+ (50. fxe3 R8c2 51. Rd6 Ke7) 50... Ke8 51.
fxe3 R8c2 52. Rb8+ Kd7 {Second rank collapse.} 0-1

[Event "Women-Veterans"]
[Site "London"]
[Date "1996.??.??"]
[Round "9"]
[White "Taimanov, Mark E"]
[Black "Ioseliani, Nana"]
[Result "0-1"]
[WhiteElo "2470"]
[BlackElo "2500"]
[Annotator "King,D"]
[PlyCount "74"]
[EventDate "1996.08.15"]
[EventType "schev"]
[EventRounds "5"]
[EventCountry "ENG"]
[SourceTitle "CBM 055"]
[Source "ChessBase"]
[SourceDate "1996.12.01"]
[SourceVersion "1"]
[SourceVersionDate "1996.12.01"]
[SourceQuality "1"]

1. Nf3 Nf6 2. b3 g6 3. Bb2 Bg7 4. g3 O-O 5. Bg2 d6 6. d4 Nbd7 7. O-O c6 8. Nbd2
Qc7 9. a4 b6 10. e4 e5 11. Re1 Ba6 12. b4 $6 Rfe8 13. c4 exd4 14. Nxd4 Bb7 15.
a5 bxa5 16. Rxa5 a6 17. Qa1 {In principle, I like this move, but White's
earlier play (12 b4 and 13 c4) was just too loose, and his centre deservedly
collapses.} c5 18. Nc2 Bh6 19. Bc3 cxb4 20. Nxb4 Nc5 21. Ra3 Ng4 22. Nf1 Nxf2
23. Kxf2 Qb6 24. Bd4 Qxb4 25. Qc3 Qxc3 26. Rxc3 Nxe4+ 27. Bxe4 Bxe4 28. Ne3 f5
29. Ra1 Rec8 30. Ra5 Rc6 31. Rb3 Re8 32. Rb4 Bf8 33. Rba4 Ra8 34. g4 Be7 35.
gxf5 gxf5 36. Nd5 Bd8 37. Rb5 Rxc4 0-1

[Event "Wenzhou m"]
[Site "Wenzhou"]
[Date "1995.??.??"]
[Round "1"]
[White "Kortschnoj, Viktor Lvovich"]
[Black "Xie, Jun"]
[Result "1/2-1/2"]
[WhiteElo "2635"]
[BlackElo "2540"]
[Annotator "Kortschnoj,V"]
[PlyCount "114"]
[EventDate "1995.09.??"]
[EventType "match"]
[EventRounds "4"]
[EventCountry "CHN"]
[SourceTitle "CBM 049"]
[Source "ChessBase"]
[SourceDate "1995.12.01"]
[SourceVersion "1"]
[SourceVersionDate "1995.12.01"]
[SourceQuality "1"]

1. Nf3 Nf6 2. g3 g6 3. b3 Bg7 4. Bb2 O-O 5. Bg2 d6 6. d4 Nbd7 7. O-O e5 8. dxe5
Ng4 9. Nc3 (9. Qc1 {Smyslov-Xie Jun/Prague/1995/ ;CBM 48}) 9... dxe5 (9...
Ndxe5) (9... Ngxe5 10. Nxe5 Nxe5 11. Qd2 c6 12. Rad1 d5 13. e4 d4 14. Na4 $16)
10. e4 Nh6 (10... f5 11. Ba3 Rf7 12. Re1 $14) 11. a4 $146 (11. Qd2 f6 12. a4
Nf7 13. Rfd1 c6 14. Ba3 Re8 15. Qe2 Bf8 16. Bxf8 Kxf8 17. Qe3 {Begun-Gavrilov/
URS-chT/1988/TD 1988/08}) 11... a5 $6 (11... f5 $14) 12. Qd3 Nb6 13. Qe3 Ng4
14. Qe2 Be6 15. Rfd1 Nd7 16. Nb5 $16 f6 17. Bh3 h5 18. Nh4 c6 19. Nd6 Kh7 20.
Ba3 Qb6 21. Nc4 Qa7 22. Bxf8 Nxf8 23. Rd6 Nxf2 24. Qxf2 (24. Bxe6 $142 $1 Nxe4+
25. Kg2 Nxd6 26. Nxd6 Nxe6 27. Nxg6 $1 $16 Kxg6 (27... Bh6 28. Qe4 Kg7 29. Ne7
$16) 28. Qe4+ Kh6 29. Nf7#) 24... Qxf2+ 25. Kxf2 Bxh3 26. Rad1 $2 (26. Nf3 $140
$1 Ne6 27. Ng1 Bg4 28. h3 $18) 26... Ne6 27. Nb6 Rf8 28. Nd7 Rf7 29. Nf3 Bg4
30. R1d3 Ng5 31. Nxg5+ fxg5+ 32. Ke1 Bh3 33. Rd2 h4 34. gxh4 gxh4 35. R6d3 Rf1+
$8 (35... Bf1 $6 36. Nxe5 $1 Bxe5 37. Rd7 $18) 36. Ke2 Bg2 37. Nc5 b6 38. Ne6
Rf6 39. Rd6 Bh6 40. Rd7+ Kg8 41. Rd8+ $2 (41. R2d6 Bxe4 42. Re7 $1 {+/= / +/-})
41... Kf7 42. R2d7+ Kxe6 43. Rd6+ Ke7 44. R8d7+ Ke8 45. Rxf6 Kxd7 46. Rxg6 Bxe4
47. Rxh6 Bxc2 48. Rxh4 Bxb3 {+/=/=} 49. Rg4 Ke6 50. h4 Kf5 51. Rg3 Bf7 52. Rf3+
Ke6 53. Rb3 b5 54. axb5 cxb5 55. Rxb5 a4 56. Ra5 Be8 57. Kf3 Bh5+ {(64)}
1/2-1/2

[Event "Olympiad-42"]
[Site "Baku"]
[Date "2016.09.13"]
[Round "11.1"]
[White "Kramnik, Vladimir"]
[Black "Vocaturo, Daniele"]
[Result "1-0"]
[WhiteElo "2808"]
[BlackElo "2583"]
[Annotator "Kramnik,V"]
[PlyCount "81"]
[EventDate "2016.09.02"]
[EventType "team-swiss"]
[EventRounds "11"]
[EventCountry "AZE"]
[SourceTitle "CBM 175"]
[Source "ChessBase"]
[SourceDate "2016.11.10"]
[SourceVersion "1"]
[SourceVersionDate "2016.11.10"]
[SourceQuality "1"]
[WhiteTeam "Russia"]
[BlackTeam "Italy"]
[WhiteTeamCountry "RUS"]
[BlackTeamCountry "ITA"]

1. d4 Nf6 2. Nf3 g6 3. g3 Bg7 4. Bg2 O-O 5. O-O d6 6. b3 {An quite interesting
sideline, trying to avoid the mass of theory after 6.c4.} e5 (6... c5 {is
another principled move, but things are not easy for Black here either, as I
managed to show in a rapid game against Fabiano:} 7. c4 Nc6 8. Bb2 Ne4 9. h3
Bf5 10. e3 Nf6 11. Nc3 cxd4 12. Nxd4 Bd7 13. Qe2 a6 14. Rfd1 Rc8 15. Rac1 Qa5
16. a3 Rfe8 17. b4 Qc7 18. Nb3 Qb8 19. c5 Be6 20. Nd4 Nxd4 21. exd4 Bb3 22. Re1
e5 23. dxe5 Rxe5 24. Ne4 Rxe4 25. Bxe4 Be6 26. Bg2 dxc5 27. Be5 Qa7 28. bxc5
Rxc5 29. Bd4 Nd7 30. Bxc5 Nxc5 31. Red1 h5 32. Bd5 b5 33. Qe3 {1-0 Kramnik,V 
(2783)-Caruana,F (2811)/Zurich SUI 2015}) 7. dxe5 dxe5 8. Ba3 Qxd1 9. Rxd1 Re8
10. c4 {Actually I had forgotten during this game the following blitz
encounter played a year previously. I just remembered that 10.c4 is the most
principled option.} (10. Nc3 a6 {Too slow, probably there are better moves} 11.
e4 Nc6 12. Nd5 Nxd5 13. exd5 e4 14. dxc6 Bxa1 15. Ng5 Bg7 16. Bxe4 bxc6 17.
Bxc6 Bg4 18. f3 Bf5 19. Bxa8 Rxa8 20. Ne4 a5 21. Be7 a4 22. bxa4 Be6 23. a5
Bxa2 24. Rd8+ Rxd8 25. Bxd8 Bd4+ 26. Kg2 Bb1 27. Bxc7 Bxc2 28. Bb6 Be5 29. a6
Bb8 30. Nf6+ Kg7 31. Nd7 {1-0 Kramnik,V (2777)-Vovk,Y (2617)/Berlin GER 2015})
10... e4 (10... Nc6 {this is very logical, but White can still try to fight
for an advantage after} 11. Nc3 e4 12. Ne1 Bf5 13. Rac1 e3 14. f3 {and at some
point the pawn on e3 might become a target.}) 11. Nd4 c6 $6 {Too "solid".
Black should try something active like 11...Ng4 12.Nc3 e3 because if White
manages to consolidate his position he will have a pleasant advantage due to
his more active pieces and rather "sensitive" e4-pawn.} (11... Ng4 $142 12. Nc3
$140 e3) 12. Nc3 Na6 13. e3 Bg4 14. Rd2 Rad8 15. h3 Bc8 (15... c5 {doesn not
work because of} 16. hxg4 cxd4 17. Rad1 $1 Nxg4 (17... d3 18. g5) 18. Nxe4) 16.
Rad1 h5 17. Be7 $1 {A nice tactical trick. Once I saw it I could not resist
playing it even if simply pushing the b-pawn would give White considerable
pressure.} (17. b4 Nc7 18. b5 {is actually good enough and gives White a nice
advantage.}) 17... Rxd4 $8 (17... Rxe7 {is just losing because of} 18. Nxc6
Rxd2 19. Nxe7+ Kf8 20. Nxc8) (17... Rd7 {leaves Black without the e4-pawn
after Bxf6 and Nxe4.}) 18. Rxd4 Rxe7 19. Rd8+ Ne8 $8 (19... Re8 20. Rxe8+ Nxe8
21. Rd8 Kf8 22. Nxe4 Be6 23. Nd6 Ke7 24. Nxb7 {taking on c6 next.}) 20. Nxe4
Be6 (20... Bxh3 {this was my main concern when playing 17.Be7 but I saw that
it should not work:} 21. Nd6 Bd7 (21... Bxg2 22. Nxe8 Bf3 23. Nf6#) 22. Nxb7
Bg4 23. f3 Bf5 24. e4 Be6 25. Na5 Kh7 26. Nxc6 Rc7 27. Nd4 {with a technically
winning position.}) 21. Ra8 {The point of this combination, Black has problems
defending his queenside pawns.} Be5 22. Rdd8 Kf8 23. Rxa7 {Here in my
calculations before move 17 I was thinking that White has a serious advantage.
In fact the computer shows that things are less simple than I thought after
the best defence 23...Bf5! which I had not seen, frankly.} Bc7 (23... Bf5 $1
24. Ng5 Bc7 $1 25. Rda8 Bb6 26. Rxa6 $1 bxa6 27. Rxa6 Bd8 28. Bxc6 Rc7 29. h4
Bc8 30. Rb6 Ke7 31. Nf3 {and although White still retains an advantage Black
has some drawing chances here.}) 24. Rda8 $1 Bb6 $8 25. Rxa6 bxa6 26. Nf6 $1 {
Possibly missed by Black in his earlier calculations.} Bd7 {Sad but it seems
to be the only defence} (26... c5 27. Bc6 {just collecting the piece back.})
27. b4 $1 {The most energetic.} (27. Nxd7+ Rxd7 28. Bxc6 Rd8 29. Rxa6 {is also
very good.}) 27... c5 (27... Bc7 28. c5 $1 Be5 29. Nxd7+ Rxd7 30. Bxc6 Re7 31.
a4 {and nothing can prevent White from queening his pawns.}) 28. Nd5 $1 Bc6 (
28... Re6 {loses because of} 29. Rb8 Ba7 30. Rb7) 29. Rxa6 Bxd5 30. Bxd5 Bd8
31. b5 {Now I just push my pawns and there is not much Black can do trying to
stop them because of his badly situated pieces and very strong white bishop
supporting his pawns.} Rd7 (31... Nc7 32. Rd6 Nxd5 $140 33. Rxd8+ Re8 34. Rxd5)
32. b6 Ke7 33. b7 ({or} 33. a4 Nf6 34. b7 Bc7 35. Rc6) 33... Bc7 34. Ra8 Nf6 (
34... Rd8 35. a4 Nd6 36. a5 Nxb7 37. Ra7 Bxa5 38. Rxb7+ Rd7 39. Rxd7+ Kxd7 40.
Bxf7 h4 41. gxh4 Bd8 42. Bxg6 {should be enough extra pawns to win even in the
opposite-coloured bishop endgame}) 35. Rc8 Bd6 36. Bc6 Rd8 37. a4 {Nice to
play without being forced to use your brain, simply pushing the pawns!} Nd7 38.
a5 Bb8 (38... Nb8 39. Bb5) 39. a6 Ne5 (39... Ba7 40. Bxd7 Kxd7 41. Ra8 Bb8 42.
Rxb8 Rxb8 43. a7 Kc7 44. a8=Q) 40. Rxb8 {Time to promote.} Rxb8 41. Bd5 1-0

[Event "Grenke Chess Classic 6th"]
[Site "Karlsruhe/Baden Baden"]
[Date "2019.04.26"]
[Round "6"]
[White "Meier, Georg"]
[Black "Carlsen, Magnus"]
[Result "0-1"]
[WhiteElo "2628"]
[BlackElo "2845"]
[Annotator "Krasenkow,M"]
[PlyCount "116"]
[EventDate "2019.04.20"]
[EventType "tourn"]
[EventRounds "9"]
[EventCountry "GER"]
[EventCategory "19"]
[SourceTitle "CBM 190"]
[Source "ChessBase"]
[SourceDate "2019.06.30"]
[SourceVersion "1"]
[SourceVersionDate "2019.06.30"]
[SourceQuality "1"]

{[%evp 0,61,28,12,25,-15,24,23,23,15,23,23,37,-12,22,7,3,-2,12,11,20,29,29,26,
24,15,17,19,45,-2,15,-31,-20,-24,-14,-40,-30,-41,1,-2,14,-40,0,-44,-44,-62,-62,
-19,-49,-49,-43,-44,-44,-60,-64,-115,-100,-101,-101,-93,-36,-34,-41,-144]} 1.
Nf3 Nf6 2. g3 g6 3. Bg2 Bg7 4. O-O O-O 5. d4 d6 6. b3 b5 {A very rare but
logical move: Black gains space on the queenside and prepares to bother
White's c4 pawn in case of c2-c4 b5xc4 b3xc4.} 7. Bb2 (7. Ne1 $5 c6 8. c4 bxc4
9. bxc4 Be6 10. Nd2 Qc8 11. e4 Bg4 12. Nef3 Na6 13. Rb1 c5 14. e5 dxe5 15. dxe5
Nd7 (15... Ne8 $5) 16. e6 $14 Ne5 17. exf7+ Rxf7 $2 18. h3 $1 $16 {1-0 (24)
Bai,J (2568)-Yanayt,E (2122) Las Vegas 2018}) (7. c4 $5 {was a normal
continuation after all.}) 7... Bb7 8. Nbd2 Nbd7 9. c4 bxc4 10. Nxc4 (10. bxc4
$142 {capturing towards the centre.}) 10... a5 $1 (10... c5 11. dxc5 Nxc5 12.
b4 Nce4 13. Rc1 Qd7 14. Na5 Bh6 15. Rc2 Bd5 16. Bxf6 Nxf6 17. Nd4 Rac8 18. Bxd5
Nxd5 19. Ndc6 $14 {0-1 (34) Bistric,F (2325)-Tosic,M (2345) Medulin 1983}) 11.
Rc1 c5 12. dxc5 Nxc5 $11 13. Bd4 Ncd7 14. a4 $6 {[%mdl 32] White wants to fix
Black's a5 pawn as a potential weakness but it survives, and White's queenside
pawns become motionless.} (14. Qd2 $11) 14... Ra6 15. Na3 Qa8 16. Nb5 Rc6 17.
Rxc6 Bxc6 18. Ne1 Bxg2 19. Nxg2 Rc8 20. Na7 $6 (20. f3 $5) 20... Rd8 21. Qc2 e5
22. Be3 d5 23. Nc6 Re8 24. Bd2 Ne4 25. Nxa5 {White has finally won the pawn
but his pieces are disorganized.} Rc8 26. Qa2 Ndf6 {[%csl Ra5]} 27. Be1 (27. b4
d4 $17) 27... Nc3 $1 28. Bxc3 Rxc3 29. b4 Bf8 (29... d4 $5 $17) 30. Qb2 d4 31.
e3 (31. Ne3 $142 $5 Ne4 $1 32. Nec4 d3 $1 33. exd3 Ng5 34. f3 Rxd3 35. Nxe5
Nxf3+ 36. Nxf3 Rxf3 37. Rxf3 Qxf3 38. Qb3 {keeping drawing chances.}) 31... Ne4
$1 32. exd4 exd4 33. Nb3 d3 34. Rc1 Rxc1+ 35. Qxc1 Qxa4 36. Qc4 Nc5 $5 {
Nice but} (36... d2 {was winning, too:} 37. Ne3 Qd7 38. Qd4 (38. Nd1 Qg4) 38...
Qxd4 39. Nxd4 Nc3 $19) 37. Nd2 Qa1+ (37... Bh6 $1 38. Nf1 (38. Qxc5 Qa1+ 39.
Nf1 d2) 38... d2 39. Nxd2 Bxd2 40. Qxc5 Qa1+ $19) 38. Nf1 d2 39. Nge3 Ne6 40.
Qb3 Qe1 41. Kg2 Bxb4 {It is still difficult for Black to convert his extra
pawn.} 42. Qb2 h5 43. h4 Ba5 44. Qb8+ Nf8 45. Qa8 Bc3 46. Qc6 Qc1 47. Qd5 Ne6
48. Qc4 Ba5 49. Qd5 Bb4 50. Qb5 Qc3 51. Qd5 Qc1 52. Qb5 Bc3 53. Qa4 Bd4 54. Nd1
Kg7 55. Kf3 Bf6 56. Ke2 $2 (56. Nfe3 {, and White can tenaciously defend.})
56... Nd4+ 57. Kd3 Qb1+ $1 58. Kxd2 (58. Ke3 $142 $5 {but after} Qf5 59. Nxd2
Be5 $1 {White's king in the centre can hardly survive.}) 58... Qe4 $1 {[%cal
Rd4f3]} 0-1